| 000 | 02729nam a22003617a 4500 | ||
|---|---|---|---|
| 005 | 20101206113148.0 | ||
| 008 | 101206t xxu||||| |||| 00| 0 hin d | ||
| 010 | _aHIN-93225 B-480208-212 | ||
| 020 |
_c750.00 _a9788171247608 |
||
| 035 | _aHN-65571 B-480208-212 | ||
| 037 | _bDBAD/PUB | ||
| 037 | _bविर्चुअस पब्लिकेशंस | ||
| 040 |
_aDPL _bHN |
||
| 082 | _aक | ||
| 100 |
_924598 _aराय, विवेकी |
||
| 245 |
_aसामलगमलाः _bकहानी-समग्र / _cविवेकी राय |
||
| 246 |
_aSamalagamaia _bby Viveki Tai |
||
| 260 |
_aवाराणसी _bविश्वविद्यालय प्रकाशन _c2011 |
||
| 270 |
_bवाराणसी _aपो.बॉ 1149, विशालाक्षी भवन, चौक _e221001 _k0542- 2413741 _msales@vvpbooks.com |
||
| 300 |
_axi,651पृ. _c22सेमी (सजिल्द) |
||
| 650 |
_91169 _aलघु कथाएँ, हिन्दी |
||
| 650 |
_929580 _aShort Stories, Hindi |
||
| 700 | _924599 | ||
| 700 | _924924 | ||
| 942 |
_2ddc _cHN _mरायवि _hक |
||
| 999 |
_c53938 _d53938 |
||